| 000 | 00458cam a2200193ua 4500 | ||
|---|---|---|---|
| 001 | 9871 | ||
| 005 | 20260515114532.0 | ||
| 008 | 161005n ii |||gr||||Z||||||asm | ||
| 040 | _cMAIN | ||
| 041 | _aasm | ||
| 082 | _a891.4514 | ||
| 100 |
_aThakuria, Rammal, _eAuthor. |
||
| 245 |
_aSahitya bichar _cBy Rammal Thakuria |
||
| 250 | _aNew ed. | ||
| 260 |
_aGuwahati: _bBina library, _c2014. |
||
| 300 | _a152p. | ||
| 653 | _aLiterary criticism | ||
| 942 | _cBK | ||
| 999 |
_c8873 _d8873 |
||